[Event "Reunion op 09th"]
[Site "Reunion"]
[Date "2007.10.20"]
[Round "8"]
[White "Lebon, Yohan"]
[Black "Riviere, Christophe"]
[Result "1-0"]
[WhiteElo "1768"]
[BlackElo "1299"]
[PlyCount "107"]
[EventDate "2007.10.14"]
[EventType "swiss"]
[EventRounds "9"]
[EventCountry "RUF"]
[SourceTitle "EXT 2012"]
[Source "ChessBase"]
[SourceDate "2011.11.24"]
[SourceVersion "1"]
[SourceVersionDate "2011.11.24"]
[SourceQuality "1"]

1. c4 e5 2. e3 Bb4 3. a3 Be7 4. Nf3 d6 5. d4 exd4 6. exd4 Nf6 7. Be2 d5 8. 0-0 0-0 9. Nc3 c5 10. Be3 b6 11. dxc5 bxc5 12. cxd5 Bb7 13. Bc4 Qd6 14. Qb3 Ba6 15. Bxa6 Nxa6 16. Rfd1 Nc7 17. Na4 Ng4 18. Bxc5 Qf6 19. Bxe7 Qxe7 20. d6 Qe6 21. Qxe6 Nxe6 22. h3 Nf6 23. Nc3 Rfd8 24. Nd5 Ne4 25. Nc7 Nxc7 26. dxc7 Rdc8 27. Rac1 a5 28. Rc6 Kf8 29. Ne5 Ke8 30. Re1 Ng5 31. f4 Ne6 32. Nxf7 Kxf7 33. Rexe6 Ra7 34. Re2 Raxc7 35. Rxc7+ Rxc7 36. Re5 a4 37. Re4 Rb7 38. Rb4 Ra7 39. Kf2 Ke6 40. Ke3 Rc7 41. Rxa4 Rc2 42. Re4+ Kf6 43. Kf3 Rxb2 44. Ra4 h5 45. Kg3 Rb3+ 46. Kh4 Rb2 47. g3 g6 48. Ra6+ Kf5 49. Ra8 Ra2 50. a4 Kf6 51. a5 Ra4 52. a6 Kg7 53. a7 Kf7 54. Rh8 1-0

[Event "Reunion op 09th"]
[Site "Reunion"]
[Date "2007.10.16"]
[Round "4"]
[White "Riviere, Christophe"]
[Black "Blondel, Jean Michel"]
[Result "0-1"]
[WhiteElo "1299"]
[BlackElo "1650"]
[PlyCount "60"]
[EventDate "2007.10.14"]
[EventType "swiss"]
[EventRounds "9"]
[EventCountry "RUF"]
[SourceTitle "EXT 2012"]
[Source "ChessBase"]
[SourceDate "2011.11.24"]
[SourceVersion "1"]
[SourceVersionDate "2011.11.24"]
[SourceQuality "1"]

1. e4 e5 2. Nf3 Nc6 3. Bc4 Nf6 4. d3 Bc5 5. Bg5 0-0 6. 0-0 Re8 7. Nc3 Na5 8. Bb3 Nxb3 9. axb3 d6 10. d4 exd4 11. Nxd4 Re5 12. f4 Re8 13. Re1 c6 14. e5 dxe5 15. Bxf6 Qxf6 16. fxe5 Rxe5 17. Rxe5 Qxe5 18. Nce2 Bg4 19. Kh1 Rd8 20. c3 Bxd4 21. cxd4 Qxe2 22. Qxe2 Bxe2 23. Rxa7 Ba6 24. Kg1 g6 25. h4 Rxd4 26. g3 Rd2 27. Ra8+ Kg7 28. Re8 Rxb2 29. Re3 Be2 30. Re7 b5 0-1